Eastern Utah Libraries Catalog: Duchesne, Heber, Roosevelt, & Vernal

The Lost City (Record no. 375783)

MARC details
000 -LEADER
fixed length control field 01947ngm a22004692a 4500
001 - CONTROL NUMBER
control field MWT14920391
005 - DATE AND TIME OF LATEST TRANSACTION
control field 20241024112722.0
007 - PHYSICAL DESCRIPTION FIXED FIELD--GENERAL INFORMATION
fixed length control field vd cvaizs
008 - FIXED-LENGTH DATA ELEMENTS--GENERAL INFORMATION
fixed length control field 220518s2022 xxu112 e vleng d
020 ## - INTERNATIONAL STANDARD BOOK NUMBER
Terms of availability $30.99
020 ## - INTERNATIONAL STANDARD BOOK NUMBER
International Standard Book Number 14920391
024 1# - OTHER STANDARD IDENTIFIER
Standard number or code 191329219201
040 ## - CATALOGING SOURCE
Description conventions rda
092 ## - LOCALLY ASSIGNED DEWEY CALL NUMBER (OCLC)
Classification number dvd
999 ## - SYSTEM CONTROL NUMBERS (KOHA)
Koha Dewey Subclass [OBSOLETE] 03787209
245 04 - TITLE STATEMENT
Title The Lost City
Medium [dvd]
260 ## - PUBLICATION, DISTRIBUTION, ETC. (IMPRINT)
Place of publication, distribution, etc [United States] :
Name of publisher, distributor, etc Paramount,
Date of publication, distribution, etc 2022.
264 ## - Production, Publication, Distribution, Manufacture, and Copyright Notice.
Place of production, publication, distribution, manufacture [United States] :
Name of producer, publisher, distributor, manufacturer Paramount,
Date of production, publication, distribution, manufacture, or copyr 2022.
300 ## - PHYSICAL DESCRIPTION
Extent 1 videodisc (ca. 112 min.) :
Other physical details sd., col. ;
Dimensions 4 3/4 in.
508 ## - CREATION/PRODUCTION CREDITS NOTE
Creation/production credits note Director, Aaron Nee, Adam Nee.
511 1# - PARTICIPANT OR PERFORMER NOTE
Participant or performer note Sandra Bullock, Channing Tatum, Brad Pitt, Daniel Radcliffe, Patti Harrison, Oscar Nunez, Da'Vine Joy Randolph, Raymond Lee, Thomas Forbes-Johnson, Hector Anibal.
520 ## - SUMMARY, ETC.
Summary, etc Reclusive author Loretta Sage writes about exotic places in her popular adventure novels that feature a handsome cover model named Alan. While on tour promoting her new book with Alan, Loretta gets kidnapped by an eccentric billionaire who hopes she can lead him to an ancient city's lost treasure from her latest story. Determined to prove he can be a hero in real life and not just on the pages of her books, Alan sets off to rescue her.
650 #4 - SUBJECT ADDED ENTRY--TOPICAL TERM
Topical term or geographic name as entry element Action / Adventure.
650 #4 - SUBJECT ADDED ENTRY--TOPICAL TERM
Topical term or geographic name as entry element Comedy.
650 #0 - SUBJECT ADDED ENTRY--TOPICAL TERM
Topical term or geographic name as entry element Feature films
655 #4 - INDEX TERM--GENRE/FORM
Genre/form data or focus term Adventure.
700 1# - ADDED ENTRY--PERSONAL NAME
Personal name Bullock, Sandra.
9 (RLIN) 44469
700 1# - ADDED ENTRY--PERSONAL NAME
Personal name Tatum, Channing
9 (RLIN) 72144
700 1# - ADDED ENTRY--PERSONAL NAME
Personal name Pitt, Brad.
9 (RLIN) 5750027
700 1# - ADDED ENTRY--PERSONAL NAME
Personal name Radcliffe, Daniel,
9 (RLIN) 5676204
700 1# - ADDED ENTRY--PERSONAL NAME
Personal name Harrison, Patti,
9 (RLIN) 6428420
700 1# - ADDED ENTRY--PERSONAL NAME
Personal name Nunez, Oscar
9 (RLIN) 6227868
700 1# - ADDED ENTRY--PERSONAL NAME
Personal name Randolph, Da'Vine Joy,
9 (RLIN) 6452185
700 1# - ADDED ENTRY--PERSONAL NAME
Personal name Lee, Raymond.
9 (RLIN) 6452186
700 1# - ADDED ENTRY--PERSONAL NAME
Personal name Forbes-Johnson, Thomas
9 (RLIN) 6452187
700 1# - ADDED ENTRY--PERSONAL NAME
Personal name Anibal, Hector
9 (RLIN) 6452188
856 7# - ELECTRONIC LOCATION AND ACCESS
Materials specified View cover art
Uniform Resource Identifier <a href="https://thumbnail.midwesttape.com/14920391_180.jpg">https://thumbnail.midwesttape.com/14920391_180.jpg</a>
Access method https
942 ## - ADDED ENTRY ELEMENTS (KOHA)
Source of classification or shelving scheme Dewey Decimal Classification
Koha item type DVD
Holdings
Withdrawn status Lost status Source of classification or shelving scheme Damaged status Not for loan Collection code Home library Current library Shelving location Date acquired Source of acquisition Total Checkouts Total Renewals Full call number Barcode Date last seen Date checked out Cost, replacement price Price effective from Koha item type
    Dewey Decimal Classification     Movies Wasatch County Library Wasatch County Library Audio Visual Area 08/16/2022 Micromarketing 22 21 DVD Lost 34301001860297 11/12/2025 10/28/2025 23.99 08/16/2022 DVD
This project was made possible through a grant from the Institute of Museum and Library Service administered by the Utah State Library Division.

Wasatch County Library

  • 465 East 1200 South, Heber City, Utah 84032
  • Phone 435-654-1511 | Fax 435-654-6456

Hours

  • Monday - Friday 9:30 AM - 8:00 PM
  • Saturday 9:30 AM - 1:30 PM
  • Closed Sundays and Holidays